000 00806nam a22002657a 4500
001 6550
003 FISKH
005 20250509093457.0
008 250509b cb ||||| |||| 00| 0 eng d
020 _a9780439828253
040 _aFISKH
_beng
_cFISKH
_dFISKH
050 _aPZ7
082 _a258
100 _aHamilton, Tisha
245 _aTrollz :
_bFive times the trouble /
_cAdapted by Tisha Hamilton
260 _aNew York :
_bScholastic,
_c2006.
300 _a32 pages :
_bcolor illustrations ;
_c23 cm
505 _aK
520 _aWhen the Trollz girls turn a friend into a block of ice, they must figure out a way to change him back.
521 8 _a510
_bLexile estimate
521 8 _aK
_bRaz-Plus
650 _aTelevision
_vFriendship
942 _2ddc
_cBK
_n0
999 _c6550
_d6550